The top ten rules of break clauses (Record no. 84409)

MARC details
000 -LEADER
fixed length control field 00713cab a22002055a 4500
001 - CONTROL NUMBER
control field L157558
008 - FIXED-LENGTH DATA ELEMENTS--GENERAL INFORMATION
fixed length control field 130117e20130112xxk 000 0 eng d
035 ## - SYSTEM CONTROL NUMBER
System control number (Sirsi) u157558
041 0# - LANGUAGE CODE
Language code of text/sound track or separate title eng
100 1# - MAIN ENTRY--PERSONAL NAME
Personal name Seitler, Jonathan
245 04 - TITLE STATEMENT
Title The top ten rules of break clauses
260 ## - PUBLICATION, DISTRIBUTION, ETC.
Date of publication, distribution, etc. 2013
490 ## - SERIES STATEMENT
Series statement Estates Gazette
Volume/sequential designation (1302) 12 January 2013, 58-60(2)
520 ## - SUMMARY, ETC.
Summary, etc. Gives the 10 rules that summarise the position on break clauses following the wide ranging review after the appeal of Avocet Industrial Estates v Merol Ltd.
590 ## - LOCAL NOTE (RLIN)
Local note KA
650 24 - SUBJECT ADDED ENTRY--TOPICAL TERM
Topical term or geographic name entry element AVOCET INDUSTRIAL ESTATES LLP V MEROL LTD AND ANOR
651 #4 - SUBJECT ADDED ENTRY--GEOGRAPHIC NAME
Geographic name England and Wales
Chronological subdivision 1543-
690 ## - LOCAL SUBJECT ADDED ENTRY--TOPICAL TERM (OCLC, RLIN)
Topical term or geographic name as entry element Commercial property
9 (RLIN) 6227
942 ## - ADDED ENTRY ELEMENTS (KOHA)
Suppress in OPAC 0
Holdings
Withdrawn status Lost status Source of classification or shelving scheme Damaged status Not for loan Home library Current library Shelving location Date acquired Total Checkouts Full call number Barcode Date last seen Copy number Price effective from Koha item type
    Dewey Decimal Classification     London London Journal article 17/01/2013   L157558 157558-1001 06/08/2019 1 06/08/2019 Journal article